000 00625nam a22002057a 4500
003 BUBTL
008 230330b ||||| |||| 00| 0 eng d
020 _a9789848792209
082 _a346.046/ R1124l/ 2016
100 _95276
_aRabbi, Md. Akib All
245 _aThe Fundamentals of Legal drafting and conveyancing :
_bMd. Akib All Rabbi, Shalem Akram
250 _a2nd edn.
260 _aDhaka
_bSams Publications
_cc2016
300 _a[30], 706p. :
_b21 cm.
650 0 _926
_aLaw
700 _95278
_aShalem Akram
856 _k0
_l0
_yDownload
942 _2ddc
_cBK
999 _c7013
_d7013